Pays d'Europe dans leur langue d'origine - Statistiques

Statistiques générales
  • Ce quiz a été pris 80 575 fois
  • Le résultat moyen est 33 sur 45
Statistiques - réponses
Langue Endonyme Nom français % Correct
Anglais United Kingdom Royaume-Uni
100%
Allemand Deutschland Allemagne
99%
Italien Italia Italie
98%
Français France France
97%
Français Monaco Monaco
97%
Portugais Portugal Portugal
97%
Polonais Polska Pologne
95%
Danois Danmark Danemark
94%
Islandais Ísland Islande
94%
Albanais Kosova Kosovo
94%
Roumain România Roumanie
94%
Slovène Slovenija Slovénie
94%
Catalan Andorra Andorre
93%
Néerlandais België Belgique
92%
Espagnol España Espagne
92%
Latin Civitas Vaticana Vatican
92%
Bosnien Bosna i Hercegovina Bosnie-Herzégovine
91%
Maltais Malta Malte
91%
Roumain Moldova Moldavie
91%
Italien San Marino Saint-Marin
91%
Slovaque Slovensko Slovaquie
91%
Allemand Liechtenstein Liechtenstein
89%
Néerlandais Nederland Pays-Bas
89%
Norvégien Norge Norvège
88%
Lituanien Lietuva Lituanie
81%
Estonien Eesti Estonie
79%
Allemand Österreich Autriche
73%
Letton Latvija Lettonie
73%
Romanche Svizra Suisse
73%
Grec moderne Ελλάδα Grèce
72%
Tchèque Česko République tchèque
65%
Luxembourgeois Lëtzebuerg Luxembourg
63%
Ukrainien Украïна Ukraine
59%
Suédois Sverige Suède
57%
Russe Россия Russie
49%
Macédonien Северна Македонија Macédoine du Nord
46%
Irlandais Éire Irlande
42%
Biélorusse Беларусь Biélorussie
41%
Bulgare България Bulgarie
38%
Finnois Suomi Finlande
38%
Hongrois Magyarország Hongrie
33%
Croate Hrvatska Croatie
29%
Albanais Shqipëri Albanie
27%
Serbe Србија Serbie
26%
Monténégrin Црна Гора Monténégro
22%
Aucun quiz correspondant
Distribution des résultats
% des personnes avec chaque résultat
Percentile par nombre de réponses
Votre historique - résultats
Vous n’avez pas pris ce quiz